000
00236nam a2200097Ia 4500
001
711528
005
20250826162810.0
008
250824s9999 xx 000 0 und d
245
0
_a
SU ÇÜRÜDÜ
_c
AHMET TELLİ
260
_b
EVEREST YAYINLARI
999
_c
711528
_d
711528